[Event "LUX-ch AB"]
[Site "Differdingen"]
[Date "2007.04.15"]
[Round "9.15"]
[White "Murzynski, Roman"]
[Black "Scheerer, Daniel"]
[Result "0-1"]
[WhiteElo "1637"]
[BlackElo "1772"]
[PlyCount "62"]
[EventDate "2007.04.07"]
[EventType "swiss"]
[EventRounds "9"]
[EventCountry "LUX"]
[SourceTitle "EXT 2008"]
[Source "ChessBase"]
[SourceDate "2007.11.25"]
[SourceVersion "1"]
[SourceVersionDate "2007.11.25"]
[SourceQuality "1"]

1. e4 c5 2. d4 cxd4 3. c3 Nf6 4. e5 Nd5 5. Qxd4 e6 6. Nf3 Nc6 7. Qa4 Nde7 8. Bd3 Ng6 9. Bxg6 hxg6 10. Be3 d6 11. Nbd2 Bd7 12. Qc2 Nxe5 13. Nxe5 dxe5 14. 0-0-0 Qa5 15. Kb1 Qc7 16. Nb3 Bc6 17. f3 Be7 18. Rd2 b6 19. Rdd1 Qb7 20. Nd2 Rd8 21. h3 0-0 22. h4 Qa6 23. Nb3 Rxd1+ 24. Qxd1 Rd8 25. Qc2 Qd3 26. Qxd3 Rxd3 27. Bc1 f6 28. Kc2 Rd8 29. h5 gxh5 30. Rxh5 Be8 31. Rh4 Bg6+ 0-1

[Event "LUX-ch AB"]
[Site "Differdingen"]
[Date "2007.04.14"]
[Round "8.15"]
[White "Scholtes, Theo"]
[Black "Murzynski, Roman"]
[Result "1/2-1/2"]
[WhiteElo "1720"]
[BlackElo "1637"]
[PlyCount "68"]
[EventDate "2007.04.07"]
[EventType "swiss"]
[EventRounds "9"]
[EventCountry "LUX"]
[SourceTitle "EXT 2008"]
[Source "ChessBase"]
[SourceDate "2007.11.25"]
[SourceVersion "1"]
[SourceVersionDate "2007.11.25"]
[SourceQuality "1"]

1. a3 e5 2. g3 d5 3. Bg2 Nf6 4. d3 Be7 5. Nd2 0-0 6. e3 Bg4 7. Ne2 Qd7 8. h3 Be6 9. c4 Nc6 10. Nf3 dxc4 11. d4 exd4 12. Nexd4 Nxd4 13. Qxd4 Qxd4 14. Nxd4 Bd5 15. f3 Bc5 16. Nb5 Bb6 17. Nc3 Be6 18. Na4 Ba5+ 19. Bd2 Bxd2+ 20. Kxd2 Rad8+ 21. Kc2 Nd5 22. Rhe1 b5 23. Nc5 Rd6 24. Nxe6 Rxe6 25. e4 Nb6 26. Rad1 Rd6 27. Rxd6 cxd6 28. Rd1 Rd8 29. e5 d5 30. Kc3 Na4+ 31. Kd4 a6 32. Rd2 Kf8 33. f4 Rc8 34. Rc2 Nb6 1/2-1/2